Pays d'Océanie par langue d'origine - Statistiques

Statistiques générales
  • Ce quiz a été pris 39 fois
  • Le résultat moyen est 13 sur 14
Statistiques - réponses
Pays dans la langue d'origine Pays en Français % Correct
Australia Australie
100%
Federated States of Micronesia États fédérés de Micronésie
100%
Solomon Islands Îles Salomon
100%
New Zealand Nouvelle-Zélande
100%
Papua Niugini Papouasie-Nouvelle-Guinée
100%
Samoa Samoa
100%
Naoero Nauru
97%
Kiribati Kiribati
97%
Tonga Tonga
97%
Tuvalu Tuvalu
97%
Vanuatu Vanuatu
97%
Viti Fidji
91%
Belau Palaos
83%
Aolepān Aorōkin M̧ajeļ Îles Marshall
80%
Aucun quiz correspondant
Distribution des résultats
% des personnes avec chaque résultat
Percentile par nombre de réponses
Votre historique - résultats
Vous n’avez pas pris ce quiz